[Event "Hradec Kralove op 13th"]
[Site "Hradec Kralove"]
[Date "2023.11.11"]
[Round "9"]
[White "Sailaubay, Aldiyar"]
[Black "Jiruse, Josef"]
[Result "1/2-1/2"]
[WhiteElo "1660"]
[BlackElo "1941"]
[PlyCount "29"]
[EventDate "2023.11.04"]
[EventType "swiss"]
[EventRounds "9"]
[EventCountry "CZE"]
[SourceTitle "CB46_2023"]
[SourceDate "2023.11.15"]
[SourceVersion "1"]
[SourceVersionDate "2023.11.15"]
[SourceQuality "1"]

1. e4 c6 2. d4 g6 3. f4 d5 4. e5 h5 5. Nf3 Nh6 6. Bd3 Bf5 7. Be2 e6 8. Nbd2 c5 9. c3 Nc6 10. a3 Be7 11. b4 cxd4 12. cxd4 Rc8 13. 0-0 0-0 14. Bb2 Qb6 15. Rc1 1/2-1/2

[Event "CZE-ch Amateur"]
[Site "Luhacovice"]
[Date "2022.03.14"]
[Round "3"]
[White "Mudrak, Josef"]
[Black "Jiruse, Josef"]
[Result "1-0"]
[WhiteElo "2219"]
[BlackElo "1957"]
[PlyCount "49"]
[EventDate "2022.03.12"]
[EventType "swiss"]
[EventRounds "9"]
[EventCountry "CZE"]
[SourceTitle "EXT 2023"]
[Source "ChessBase"]
[SourceDate "2022.10.05"]
[SourceVersion "1"]
[SourceVersionDate "2022.10.05"]
[SourceQuality "1"]

1. d4 Nf6 2. Nf3 e6 3. c4 d5 4. g3 Be7 5. Bg2 0-0 6. 0-0 b6 7. cxd5 exd5 8. Nc3 Bb7 9. Bf4 Nbd7 10. Rc1 c5 11. dxc5 bxc5 12. Nh4 Nh5 13. Nf5 Nxf4 14. gxf4 Nb6 15. Nxd5 Bxd5 16. Bxd5 Nxd5 17. Qxd5 Bf6 18. Qxd8 Rfxd8 19. Rc2 g6 20. Ng3 Rd4 21. Rxc5 Rxf4 22. b3 h5 23. Rfc1 h4 24. e3 Rb4 25. Ne2 1-0

[Event "Brno op 10th"]
[Site "Brno"]
[Date "2021.11.23"]
[Round "5"]
[White "Jiruse, Josef"]
[Black "Nezval, Filip1111"]
[Result "0-1"]
[WhiteElo "1962"]
[BlackElo "2158"]
[PlyCount "80"]
[EventDate "2021.11.20"]
[EventType "swiss"]
[EventRounds "9"]
[EventCountry "CZE"]
[SourceTitle "CBM 205 Extra"]
[Source "ChessBase"]
[SourceDate "2022.01.31"]
[SourceVersion "1"]
[SourceVersionDate "2022.01.31"]
[SourceQuality "1"]

1. e4 e5 2. f4 d5 3. exd5 c6 4. dxc6 exf4 5. Nf3 Nxc6 6. Bb5 Bd6 7. d4 Nge7 8. 0-0 0-0 9. c3 Bg4 10. Qa4 a6 11. Bxc6 Nxc6 12. Nbd2 b5 13. Qb3 Be6 14. Qd1 Bd5 15. b3 f5 16. Qc2 Rc8 17. Bb2 g5 18. c4 bxc4 19. bxc4 Na5 20. c5 Bc7 21. Rae1 g4 22. Ne5 Qh4 23. Qc3 Rf6 24. g3 fxg3 25. Qxg3 Qxg3+ 26. hxg3 Rcf8 27. Nd7 Rh6 28. Ne5 Rh3 29. Kf2 f4 30. gxf4 Rxf4+ 31. Ke2 Bxe5 32. dxe5 Rxf1 33. Nxf1 Nc4 34. Bd4 Kf7 35. Ne3 Rh2+ 36. Kd3 Nxe3 37. Bxe3 Ke6 38. a3 Ra2 39. Bc1 h5 40. Re2 Bc4+ 0-1

[Event "Hradec Kralove op 10th"]
[Site "Hradec Kralove"]
[Date "2019.10.29"]
[Round "4"]
[White "Kratochvil, Vit"]
[Black "Jiruse, Josef"]
[Result "1-0"]
[WhiteElo "2207"]
[BlackElo "1988"]
[PlyCount "49"]
[EventDate "2019.10.26"]
[EventType "swiss"]
[EventRounds "9"]
[EventCountry "CZE"]
[SourceTitle "CBM 193 Extra"]
[Source "ChessBase"]
[SourceDate "2020.01.31"]
[SourceVersion "1"]
[SourceVersionDate "2020.01.31"]
[SourceQuality "1"]

1. e4 c6 2. d4 d5 3. Nc3 dxe4 4. Nxe4 Nd7 5. c4 Ngf6 6. Nc3 g6 7. Nf3 Bg7 8. Be2 0-0 9. 0-0 Qc7 10. h3 e5 11. Be3 b6 12. dxe5 Nxe5 13. Nxe5 Qxe5 14. Bf3 Bb7 15. Re1 Rfe8 16. Qb3 Qa5 17. c5 b5 18. Nxb5 Nd5 19. Nd6 Reb8 20. Bxd5 cxd5 21. Nxb7 Qc7 22. Qxd5 Rxb7 23. Bf4 Qc8 24. c6 Rxb2 25. Rab1 1-0

[Event "Stare Mesto op"]
[Site "Stare Mesto"]
[Date "2019.08.22"]
[Round "6"]
[White "Jiruse, Josef"]
[Black "Paseka, Matyas"]
[Result "0-1"]
[WhiteElo "2010"]
[BlackElo "1898"]
[PlyCount "46"]
[EventDate "2019.08.17"]
[EventType "swiss"]
[EventRounds "9"]
[EventCountry "CZE"]
[SourceTitle "EXT 2020"]
[Source "ChessBase"]
[SourceDate "2019.10.17"]
[SourceVersion "1"]
[SourceVersionDate "2019.10.17"]
[SourceQuality "1"]

1. e4 c5 2. Nc3 e6 3. Bc4 Nc6 4. d3 Nf6 5. f4 d5 6. Bb5 d4 7. Bxc6+ bxc6 8. Nb1 Ba6 9. b3 Qc7 10. a4 Be7 11. Na3 0-0 12. Bd2 Nd7 13. a5 Rab8 14. Nf3 f5 15. e5 Kh8 16. Qe2 h6 17. h3 Qd8 18. 0-0-0 c4 19. Nxc4 Bxc4 20. dxc4 Ba3+ 21. Kb1 Nc5 22. Nxd4 Qxd4 23. Bc1 Ne4 0-1

[Event "Stare Mesto op"]
[Site "Stare Mesto"]
[Date "2019.08.19"]
[Round "3"]
[White "Matus, Filip"]
[Black "Jiruse, Josef"]
[Result "1/2-1/2"]
[WhiteElo "1847"]
[BlackElo "2010"]
[PlyCount "49"]
[EventDate "2019.08.17"]
[EventType "swiss"]
[EventRounds "9"]
[EventCountry "CZE"]
[SourceTitle "EXT 2020"]
[Source "ChessBase"]
[SourceDate "2019.10.17"]
[SourceVersion "1"]
[SourceVersionDate "2019.10.17"]
[SourceQuality "1"]

1. e4 e5 2. Nf3 Nc6 3. d4 exd4 4. Nxd4 d6 5. Nc3 Nf6 6. Be2 Be7 7. 0-0 0-0 8. Be3 d5 9. Bf3 Nxd4 10. Bxd4 dxe4 11. Nxe4 c6 12. Re1 Bf5 13. Ng3 Be6 14. c3 Qa5 15. Qc2 Rfe8 16. b3 Rad8 17. Rad1 Qc7 18. Nh5 Nxh5 19. Bxh5 c5 20. Be5 Bd6 21. Rxd6 Rxd6 22. Bxd6 Qxd6 23. Bg4 Bd7 24. Rxe8+ Bxe8 25. Bf3 1/2-1/2

[Event "Marianske Lazne op 18th"]
[Site "Marianske Lazne"]
[Date "2019.01.24"]
[Round "7"]
[White "Jiruse, Josef"]
[Black "Madej, Marek"]
[Result "0-1"]
[WhiteElo "2023"]
[BlackElo "1741"]
[PlyCount "90"]
[EventDate "2019.01.19"]
[EventType "swiss"]
[EventRounds "9"]
[EventCountry "CZE"]
[SourceTitle "CBM 188 Extra"]
[Source "ChessBase"]
[SourceDate "2019.02.26"]
[SourceVersion "1"]
[SourceVersionDate "2019.02.26"]
[SourceQuality "1"]

1. c4 e5 2. Nc3 Bb4 3. Nd5 Bc5 4. e3 Nf6 5. b4 Be7 6. Rb1 Nxd5 7. cxd5 f5 8. Bc4 d6 9. f4 0-0 10. fxe5 Bh4+ 11. g3 dxe5 12. d4 f4 13. Qh5 fxg3 14. hxg3 Bxg3+ 15. Kd1 Bf5 16. Rb2 Qd7 17. Ne2 e4 18. Kc2 Bd6 19. Kb1 Qf7 20. Qh4 Qf6 21. Qe1 Kh8 22. Ng3 Nd7 23. Rg2 Qe7 24. Bd2 Bg6 25. Ka1 Rf3 26. Ne2 Qf6 27. Qg1 Rf8 28. Nf4 Bf7 29. Be2 Bxf4 30. exf4 Ra3 31. Bc1 Ra4 32. Bb5 Nb6 33. Bxa4 Nxa4 34. Qe3 Bxd5 35. Rgh2 h6 36. Rh5 Nb6 37. f5 Kg8 38. Qg1 Kf7 39. Bf4 Nc4 40. R1h2 Ke8 41. Bxc7 Qe7 42. f6 Qxf6 43. Rh1 Qf3 44. Qc1 e3 45. R1h3 Qf1 0-1

[Event "Tatry op"]
[Site "Tatranske Zruby"]
[Date "2014.10.03"]
[Round "7"]
[White "Skreno, Vladimir"]
[Black "Jiruse, Josef"]
[Result "1-0"]
[WhiteElo "2244"]
[BlackElo "2014"]
[PlyCount "31"]
[EventDate "2014.09.28"]
[EventType "swiss"]
[EventRounds "9"]
[EventCountry "SVK"]
[SourceTitle "CBM 162 Extra"]
[Source "ChessBase"]
[SourceDate "2014.10.17"]
[SourceVersion "1"]
[SourceVersionDate "2014.10.17"]
[SourceQuality "1"]

1. d4 Nf6 2. Nf3 d5 3. c4 c6 4. cxd5 cxd5 5. Nc3 e6 6. Bg5 Be7 7. e3 0-0 8. Bd3 Nc6 9. 0-0 a6 10. Rc1 Bd7 11. Na4 Nb4 12. Bb1 Bxa4 13. Qxa4 Nc6 14. Ne5 Nxe5 15. dxe5 Nd7 16. Qh4 1-0